Global Business Practices: Communication, Leadership, Negotiations and Ethics

Salvato in:
Dettagli Bibliografici
Altri autori: Štefančík, Radoslav, 1976-, Anikó, Tompos
Natura: Libro
Lingua:inglese
Pubblicazione: Hamburg Verlag Dr. Kovač 2018
Edizione:1st edition
Serie:Probleme und Chancen der Globalisierung Band 12
Soggetti:
Tags: Aggiungi Tag
Nessun Tag, puoi essere il primo ad aggiungerne!!

MARC

LEADER 00000nam a2200000 4500
001 0242062
005 20230116134348.6
020 |a 978-3-339-10052-8 
041 0 |a eng 
044 |a DE 
245 1 0 |a Global Business Practices: Communication, Leadership, Negotiations and Ethics  |c Ildiko Némethová ... [et al.] ; Reviewers: Radoslav Štefančík, Tompos Anikó 
250 |a 1st edition 
264 1 |a Hamburg  |b Verlag Dr. Kovač  |c 2018 
300 |a 256 s. 
490 1 |a Probleme und Chancen der Globalisierung  |v Band 12 
830 0 |a Probleme und Chancen der Globalisierung  |v Band 12 
610 2 0 |a komunikácia 
610 2 0 |a komunikácia interkultúrna 
610 2 0 |a vodcovstvo 
610 2 0 |a rokovania obchodné 
610 2 0 |a etika podnikateľská 
610 2 0 |a etiketa 
610 2 0 |a protokol diplomatický 
610 2 0 |a podnikanie medzinárodné 
700 1 |a Štefančík, Radoslav, 1976- 
700 1 |a Anikó, Tompos